Where am I?? #3 - Statistics

General Stats
  • This quiz has been taken 120 times
  • The average score is 5 of 6
Answer Stats
Instructions Answer Hint % Correct
Say 1 to receive your hint! 1 This is a capital city, without a doubt.
100%
Say 2 to receive your hint! 2 My GeoGuessr knowledge says I'm in the Southern Hemisphere.
100%
Say 3 to receive your hint! 3 I can see English, which is nice for once.
99%
Say 4 to receive your hint! 4 It's the largest city in the country.
97%
Say 5 to receive your hint! 5 I see the Zambia flag!!
97%
Name the city! Lusaka
46%
No matching quizzes found
Score Distribution
Percent of People with Each Score
Percentile by Number Answered
Your Score History
You have not taken this quiz